Statistics for Квиз о Куби

Click here to take the quiz!

General Stats

  • This quiz has been taken 128 times
  • The average score is 10 of 22

Answer Stats

ОписОдговор% Correct
Главни градХавана
96%
Званичан језикШпански
94%
Рум се прави од ове биљкеШећерна {трска}
76%
Куба излази на ово мореКарипско море
72%
Чувени Аргентинац који је учествовао у Кубанској револуцијиЧе Гевара
72%
Вођа Кубанске револуцијеФидел Кастро
70%
Државна валутаПезос
60%
... и овај заливМексички залив
59%
Куба је део ове групе острваВелики {Антили}
59%
Најпознатији кубански извозни производЦигаре
59%
Место пропале инвазије САД-аЗалив {свиња}
48%
Политичка партија која влада КубомКомунистичка
45%
Најпопуларнији спортБејзбол
39%
Ова пракса је укинута 1886.Ропство
35%
Криза Хладног рата 1962.Кубанска {ракетна}
криза
34%
Коктел од рума, лимете и нанеМохито
33%
Плес који је постао популаран захваљујући Перез Праду
(почиње на слово М)
Мамбо
22%
Америчка поморска базаГвантанамо
19%
Највећи јавни тргТрг {Револуције}
13%
Диктатор који је збачен са власти 1959.Фулхенсио Батиста
12%
Други највећи градСантијаго де Куба
6%
Познати кабаре и ноћни клуб
(почиње на слово Т)
Тропикана
5%

Score Distribution

Percentile by Number Answered

Percent of People with Each Score

Your Score History

You have not taken this quiz